[Event "CZE-ch I/177 corr"]
[Site "Czechia"]
[Date "2004.??.??"]
[Round "?"]
[White "Berko, Michal"]
[Black "Pycha, Adolf"]
[Result "1-0"]
[WhiteElo "1965"]
[BlackElo "1955"]
[PlyCount "63"]
[EventDate "2003.07.20"]
[EventType "tourn (corr)"]
[EventRounds "12"]
[EventCountry "CZE"]
[SourceTitle "Corr 2006"]
[Source "ChessBase"]
[SourceDate "2006.04.01"]
[SourceVersion "3"]
[SourceVersionDate "2006.04.01"]
[SourceQuality "1"]

1. c4 Nf6 2. Nc3 e6 3. e4 c5 4. e5 Ng8 5. Nf3 Nc6 6. d4 cxd4 7. Nxd4 Nxe5 8. Ndb5 a6 9. Nd6+ Bxd6 10. Qxd6 f6 11. Bf4 Ne7 12. Bxe5 Nf5 13. Qc7 fxe5 14. Qxe5 d6 15. Qe4 0-0 16. Bd3 g6 17. Rd1 Qb6 18. Rd2 Bd7 19. h4 Bc6 20. Qg4 Rf6 21. h5 Raf8 22. Be4 Nh6 23. Qg3 Nf5 24. Qd3 gxh5 25. Bxf5 Rxf5 26. Qg3+ Kh8 27. Qxd6 Rg8 28. g3 Qc5 29. Rh4 Qxd6 30. Rxd6 Rgf8 31. Nd1 e5 32. Rd2 1-0

[Event "CZE-ch I/177 corr"]
[Site "Czechia"]
[Date "2004.??.??"]
[Round "?"]
[White "Pycha, Adolf"]
[Black "Berko, Michal"]
[Result "0-1"]
[WhiteElo "1955"]
[BlackElo "1965"]
[PlyCount "60"]
[EventDate "2003.07.20"]
[EventType "tourn (corr)"]
[EventRounds "12"]
[EventCountry "CZE"]
[SourceTitle "Corr 2006"]
[Source "ChessBase"]
[SourceDate "2006.04.01"]
[SourceVersion "3"]
[SourceVersionDate "2006.04.01"]
[SourceQuality "1"]

1. e4 e5 2. Bc4 Nf6 3. d4 exd4 4. Nf3 Nxe4 5. Qxd4 Nf6 6. Bg5 Be7 7. Nc3 c6 8. 0-0-0 d5 9. Rhe1 Be6 10. Bd3 Nbd7 11. Qh4 h6 12. Nd4 Nc5 13. Be2 0-0 14. Bxf6 Bxf6 15. Qg3 Qb6 16. f4 Bxd4 17. Rxd4 Nb3+ 18. axb3 Qxd4 19. Bd3 Rfe8 20. f5 Bd7 21. Rf1 Qf6 22. Qc7 Re7 23. Qf4 Rae8 24. g4 Re1+ 25. Rxe1 Rxe1+ 26. Kd2 Rh1 27. Qb8+ Kh7 28. Ke2 Qh4 29. Qf4 Rxh2+ 30. Ke3 Qe1+ 0-1

[Event "CZE-ch I/177 corr"]
[Site "Czechia"]
[Date "2003.??.??"]
[Round "?"]
[White "Pressl, Ladislav"]
[Black "Pycha, Adolf"]
[Result "1-0"]
[WhiteElo "2015"]
[BlackElo "1955"]
[PlyCount "59"]
[EventDate "2003.07.20"]
[EventType "tourn (corr)"]
[EventRounds "12"]
[EventCountry "CZE"]
[SourceTitle "Corr 2006"]
[Source "ChessBase"]
[SourceDate "2006.04.01"]
[SourceVersion "3"]
[SourceVersionDate "2006.04.01"]
[SourceQuality "1"]

1. e4 c5 2. Nf3 d6 3. d4 cxd4 4. Nxd4 Nf6 5. Nc3 a6 6. Bg5 e6 7. f4 Qb6 8. Nb3 Nc6 9. Qd2 Bd7 10. 0-0-0 Be7 11. e5 Ng4 12. Bxe7 Nxe7 13. Ne4 d5 14. Nd6+ Kf8 15. Nd4 Nc8 16. Nxc8 Rxc8 17. h3 Nh6 18. g4 Ng8 19. f5 exf5 20. Nxf5 Bxf5 21. gxf5 Qc7 22. e6 Ne7 23. Bd3 Qe5 24. Rhe1 Qf6 25. Qb4 b5 26. Qd6 Ra8 27. Be4 fxe6 28. fxe6 Kg8 29. Bxd5 Re8 30. Kb1 1-0

[Event "CZE-ch I/177 corr"]
[Site "Czechia"]
[Date "2003.??.??"]
[Round "?"]
[White "Pycha, Adolf"]
[Black "Houdek, Vladimir"]
[Result "0-1"]
[WhiteElo "1955"]
[BlackElo "2105"]
[PlyCount "40"]
[EventDate "2003.07.20"]
[EventType "tourn (corr)"]
[EventRounds "12"]
[EventCountry "CZE"]
[SourceTitle "Corr 2006"]
[Source "ChessBase"]
[SourceDate "2006.04.01"]
[SourceVersion "3"]
[SourceVersionDate "2006.04.01"]
[SourceQuality "1"]

1. e4 e5 2. Bc4 Nf6 3. d4 exd4 4. Nf3 Nc6 5. e5 d5 6. Bb5 Ne4 7. Nxd4 Bd7 8. Bxc6 bxc6 9. 0-0 Bc5 10. Be3 Qe7 11. f3 Nd6 12. f4 Nc4 13. Bc1 Rb8 14. b3 Bg4 15. Qd3 Be2 16. Qc3 Bxf1 17. Kxf1 Bxd4 18. Qxd4 Nb6 19. Ba3 Qh4 20. e6 Qf6 0-1